Разработка метода и аппаратуры акустического контроля прохождения внутритрубных объектов: диссертация на соискание ученой степени кандидата технических наук; спец. 05.11.13

গ্রন্থ-পঞ্জীর বিবরন
প্রধান লেখক: Калиниченко А. Н. Алексей Николаевич
সংস্থা লেখক: Национальный исследовательский Томский политехнический университет (ТПУ)
অন্যান্য লেখক: Кулешов В. К. Валерий Константинович (научный руководитель)
সংক্ষিপ্ত:Защищена 29.12.2010 г.
ভাষা:রুশ
প্রকাশিত: Томск, 2010
বিষয়গুলি:
বিন্যাস: গ্রন্থ
KOHA link:https://koha.lib.tpu.ru/cgi-bin/koha/opac-detail.pl?biblionumber=189798

MARC

LEADER 00000nbm0a2200000 4500
001 189798
005 20231225170326.0
035 |a (RuTPU)RU\TPU\book\206526 
035 |a RU\TPU\book\206525 
090 |a 189798 
100 |a 20110111j20101229k y0rusy50 ca 
101 0 |a rus 
102 |a RU 
105 |a a m 001zy 
200 1 |a Разработка метода и аппаратуры акустического контроля прохождения внутритрубных объектов  |e диссертация на соискание ученой степени кандидата технических наук  |e спец. 05.11.13  |f А. Н. Калиниченко  |g Национальный исследовательский Томский политехнический университет (ТПУ) ; науч. рук. В. К. Кулешов 
210 |a Томск  |d 2010 
215 |a 141 л.  |c ил. 
300 |a Защищена 29.12.2010 г. 
320 |a Библиогр.: с. 129-140 (99 назв.). 
606 1 |a Внутритрубная дефектоскопия  |2 stltpush  |3 (RuTPU)RU\TPU\subj\68829  |9 83950 
610 1 |a внутритрубные объекты 
610 1 |a акустический контроль 
610 1 |a средства 
610 1 |a условия 
610 1 |a акустическая эмиссия 
610 1 |a сигналы 
610 1 |a регистрация 
610 1 |a бесконтактный контроль 
610 1 |a генерация 
610 1 |a распространение 
610 1 |a сигнализаторы 
610 1 |a труды учёных ТПУ 
610 1 |a диссертации 
675 |a 621.644:620.1(04)  |v 3 
686 |a 05.11.13  |2 oksvnk 
700 1 |a Калиниченко  |b А. Н.  |c специалист в области неразрушающего контроля  |c доцент Томского политехнического университета, кандидат технических наук   |f 1981-  |g Алексей Николаевич  |3 (RuTPU)RU\TPU\pers\27077  |9 12627 
702 1 |a Кулешов  |b В. К.  |c специалист в области неразрушающего контроля  |c профессор Томского политехнического университета, доктор технических наук  |f 1939-  |g Валерий Константинович  |3 (RuTPU)RU\TPU\pers\19828  |4 727 
712 0 2 |a Национальный исследовательский Томский политехнический университет (ТПУ)  |c (2009- )  |3 (RuTPU)RU\TPU\col\15902 
801 1 |a RU  |b 63413507  |c 20110111 
801 2 |a RU  |b 63413507  |c 20120123  |g RCR 
942 |c BK